| 000 | 01072nam a22002537a 4500 | ||
|---|---|---|---|
| 003 | BR-ViAPE | ||
| 005 | 20260514113950.0 | ||
| 008 | 260514s2013 por gs|||| 001 0 por d | ||
| 020 | _q978-85-98928-13-5 | ||
| 040 | _cBR-ViAPE | ||
| 245 |
_aNossa vida no Brasil: _bimigração norte-americana no Espírito Santo 1867-1870 |
||
| 246 | _aOur life in Brazil | ||
| 260 |
_aVitória _bArquivo Público do Estado do Espírito Santo _c2013 |
||
| 300 |
_a320 p. _bDocumento digitalizado (PDF) _c21cm x 15cm |
||
| 490 |
_aColeção Canaã _vv. 17 |
||
| 500 | _aObra disponibilizada em PDF por integrar a Coleção Canaã do APEES. | ||
| 650 |
_aImigração _xNorte-americana _xDiário de viagem _zEspírito Santo (Brasil) |
||
| 651 | _aEspírito Santo (Brasil) | ||
| 700 |
_aKeyes, Julia Louisa _eautora |
||
| 700 |
_aSilva, Célio Antônio Alcântara _etradutor |
||
| 710 | _aArquivo Público do Estado do Espírito Santo | ||
| 856 |
_uhttps://ape.es.gov.br/Media/ape/PDF/Livros/LIVRO_NossaVidaNoBrasil_Editado.pdf _yCLIQUE AQUI PARA ACESSAR O DOCUMENTO |
||
| 942 |
_2ddc _cBK _n1 |
||
| 999 |
_c663 _d663 |
||